000 00942nam a2200229 i 4500
001 64294
003 ES-MaACL
005 20251011063110.0
007 t|
008 031223s1949 sp ||||1| spa d
080 _a946"07/08"(093.2)
100 1 _aFloriano, Antonio C.,
_d1892-1979
_951331
245 1 0 _aDiplomática española del periodo astur
_b: estudio de las fuentes documentales del Reino de Asturias /
_cAntonio C. Floriano.
260 _aOviedo :
_b[s.n.,
_c1949] (
_f"La Cruz")
300 _a1 v. ;
_c24 cm.
505 8 _aContiene: V. I: Cartulario crítico. Primera parte (desde Pelayo a Ordoño I)
594 _aPrecede al tít.: Diputación Provincial de Oviedo. Instituto de Estudios Asturianos. Seminario de Investigación Diplomática.
651 4 _aAsturias (Reino)-
_xHistoria-
_vFuentes.
_9146019
710 2 _aInstituto de Estudios Asturianos.
_94889
852 _aES-MaACL
_jP-963
999 _c64294
_d64294